000 01120nam a2200277 i 4500
001 20376
003 ES-MaACL
005 20251118151306.0
008 180828s2016 sp |||| | spa d
020 _a978-84-9946-429-9
080 _a34(354)(094.5)
100 0 _aHammurabi
_cRey de Babilonia.
_9154218
245 1 3 _aEl código de Hammurabi
_b: edición bilingüe en escritura cuneiforme /
_cJosé María Martínez Cantalapiedra.
250 _a1ª ed.
260 _aMadrid :
_bEdición Personal,
_c2016.
300 _a325 p. ;
_c30 cm.
504 _aBibliografía: p. [325]
546 _aCódigo en texto cuneiforme y transcripción en acadio; traducción y estudio en español.
650 7 _aDerecho asirio-babilónico
_2embne
_9154219
700 1 _aMartínez Cantalapiedra, José María,
_d1944-
_9165360
852 _aES-MaACL
_jA-14214
_921065
_bR.151550
_cDEPO1
_dOlim: N-7214
_hDonación: José María Martinez Cantalapiedra
903 _aMartínez Cantalapiedra, José María,
_d1944-
_ednr
_9165360
942 _2udc
_cMONOGRAFIA
999 _c20376
_d20376